000 00291nam a22001337a 4500
008 181121b xxu||||| |||| 00| 0 eng d
020 _a0316489107
041 _aeng
080 _a610.73
100 _a2
101 _aINF
245 _aCritical Care Nursing
_cKenner, C.V
942 _2udc
_cBK
999 _c52297
_d52297